ARRUPE JESUIT UNIVERSITY

CORONAVIRUS -STOP THE SPREAD - CLEAN,DISINFECT,COVER

The politics of education : (Record no. 129383)

MARC details
000 -LEADER
fixed length control field 01230pam a2200325 a 4500
001 - CONTROL NUMBER
control field 4733130
003 - CONTROL NUMBER IDENTIFIER
control field ARRUPE
005 - DATE AND TIME OF LATEST TRANSACTION
control field 20190403105718.0
008 - FIXED-LENGTH DATA ELEMENTS--GENERAL INFORMATION
fixed length control field 840904s1985 maua b 001 0 eng
010 ## - LIBRARY OF CONGRESS CONTROL NUMBER
LC control number 84018572
020 ## - INTERNATIONAL STANDARD BOOK NUMBER
International Standard Book Number 0897890426 :
Terms of availability $24.95
020 ## - INTERNATIONAL STANDARD BOOK NUMBER
International Standard Book Number 0897890434 (pbk.) :
Terms of availability $9.95
040 ## - CATALOGING SOURCE
Original cataloging agency DLC
Transcribing agency DLC
Modifying agency DLC
041 1# - LANGUAGE CODE
Language code of text/sound track or separate title engpor
043 ## - GEOGRAPHIC AREA CODE
Geographic area code d------
050 00 - LIBRARY OF CONGRESS CALL NUMBER
Classification number LC149
Item number .F76 1985
082 00 - DEWEY DECIMAL CLASSIFICATION NUMBER
Classification number 370
Edition number 19
300 ## - PHYSICAL DESCRIPTION
Other physical details ill. ;
Dimensions 24 cm.
100 1# - MAIN ENTRY--PERSONAL NAME
Personal name Freire, Paulo,
Dates associated with a name 1921-1997.
9 (RLIN) 26953
245 14 - TITLE STATEMENT
Title The politics of education :
Remainder of title culture, power, and liberation /
Statement of responsibility, etc Paulo Freire ; introduction by Henry A. Giroux ; translated by Donaldo Macedo.
260 ## - PUBLICATION, DISTRIBUTION, ETC. (IMPRINT)
Place of publication, distribution, etc London. :
Name of publisher, distributor, etc Bergin & Garvey,
Date of publication, distribution, etc 1985.
300 ## - PHYSICAL DESCRIPTION
Extent xxvii, 209 p. :
504 ## - BIBLIOGRAPHY, ETC. NOTE
Bibliography, etc Includes bibliographies and index.
650 #0 - SUBJECT ADDED ENTRY--TOPICAL TERM
Topical term or geographic name as entry element Literacy.
9 (RLIN) 18022
650 #0 - SUBJECT ADDED ENTRY--TOPICAL TERM
Topical term or geographic name as entry element Education
General subdivision Political aspects.
9 (RLIN) 33981
650 #0 - SUBJECT ADDED ENTRY--TOPICAL TERM
Topical term or geographic name as entry element Education
General subdivision Social aspects.
9 (RLIN) 45780
650 #0 - SUBJECT ADDED ENTRY--TOPICAL TERM
Topical term or geographic name as entry element Education
Geographic subdivision Developing countries.
9 (RLIN) 45781
856 42 - ELECTRONIC LOCATION AND ACCESS
Materials specified Contributor biographical information
Uniform Resource Identifier <a href="http://www.loc.gov/catdir/enhancements/fy1510/84018572-b.html">http://www.loc.gov/catdir/enhancements/fy1510/84018572-b.html</a>
906 ## - LOCAL DATA ELEMENT F, LDF (RLIN)
a 7
b cbc
c orignew
d 1
e ocip
f 19
g y-gencatlg
942 ## - ADDED ENTRY ELEMENTS (KOHA)
Source of classification or shelving scheme Library of Congress Classification
Koha item type Monograph ( Printed materials)
Holdings
Withdrawn status Lost status Source of classification or shelving scheme Damaged status Not for loan Collection code Home library Current library Shelving location Date acquired Total Checkouts Full call number Barcode Date last seen Price effective from Koha item type
    Library of Congress Classification     Main Collection ARRUPE LIBRARY ARRUPE LIBRARY Main Collection 03/04/2019   LC149 .F76 1985 46600004527 03/04/2019 03/04/2019 Monograph ( Printed materials)

 

Arrupe Library. PO Box MP320 Mt Pleasant, Harare, Zimbabwe
263 242 745411|librarian@aju.ac.zw